<?xml version="1.0" encoding="UTF-8"?>
<record
    xmlns:xsi="http://www.w3.org/2001/XMLSchema-instance"
    xsi:schemaLocation="http://www.loc.gov/MARC21/slim http://www.loc.gov/standards/marcxml/schema/MARC21slim.xsd"
    xmlns="http://www.loc.gov/MARC21/slim">

  <leader>01290nam a2200253   4500</leader>
  <datafield tag="952" ind1=" " ind2=" ">
    <subfield code="0">0</subfield>
    <subfield code="1">0</subfield>
    <subfield code="4">0</subfield>
    <subfield code="7">0</subfield>
    <subfield code="a">01</subfield>
    <subfield code="b">01</subfield>
    <subfield code="d">2018-11-28</subfield>
    <subfield code="l">0</subfield>
    <subfield code="o">791.45 D746c</subfield>
    <subfield code="p">01 014390</subfield>
    <subfield code="r">2018-11-28</subfield>
    <subfield code="t">1</subfield>
    <subfield code="w">2018-11-28</subfield>
    <subfield code="y">LB</subfield>
  </datafield>
  <datafield tag="999" ind1=" " ind2=" ">
    <subfield code="c">103674</subfield>
    <subfield code="d">103674</subfield>
  </datafield>
  <controlfield tag="008">181128s2011       a|||| |||| 00| 0 spa d</controlfield>
  <datafield tag="020" ind1=" " ind2=" ">
    <subfield code="a">9788484286103</subfield>
  </datafield>
  <datafield tag="050" ind1=" " ind2=" ">
    <subfield code="a">PN1992.7</subfield>
    <subfield code="b">D6818</subfield>
  </datafield>
  <datafield tag="082" ind1=" " ind2=" ">
    <subfield code="a">791.45</subfield>
    <subfield code="b">D746c</subfield>
  </datafield>
  <datafield tag="100" ind1=" " ind2="1">
    <subfield code="a">Douglas, Pamela</subfield>
    <subfield code="d">1944-</subfield>
    <subfield code="e">autor</subfield>
  </datafield>
  <datafield tag="240" ind1=" " ind2=" ">
    <subfield code="a">Writing the TV Drama Series</subfield>
  </datafield>
  <datafield tag="245" ind1=" " ind2=" ">
    <subfield code="a">C&#xF3;mo escribir una serie dram&#xE1;tica de televisi&#xF3;n</subfield>
    <subfield code="c">/ Pamela Douglas ; traducci&#xF3;n Ismael Attrache</subfield>
  </datafield>
  <datafield tag="260" ind1=" " ind2=" ">
    <subfield code="a">Barcelona, Espa&#xF1;a</subfield>
    <subfield code="b">: Alba</subfield>
    <subfield code="c">, 2011</subfield>
  </datafield>
  <datafield tag="300" ind1=" " ind2=" ">
    <subfield code="a">421 p&#xE1;ginas</subfield>
    <subfield code="b">: ilustraciones</subfield>
  </datafield>
  <datafield tag="490" ind1=" " ind2=" ">
    <subfield code="a">Fuera de campo</subfield>
    <subfield code="v">14</subfield>
  </datafield>
  <datafield tag="500" ind1=" " ind2=" ">
    <subfield code="a">Incluye:
Ap&#xE9;ndice 1: Direcciones &#xFA;tiles
Ap&#xE9;ndice 2: Permisos
Ap&#xE9;ndice 3: Fuentes
Glosario p.413</subfield>
  </datafield>
  <datafield tag="505" ind1=" " ind2=" ">
    <subfield code="a">&#xBF;Qu&#xE9; tienen de especial las series dram&#xE1;ticas de televisi&#xF3;n?
C&#xF3;mo llegan las series a las televisiones y a la parrilla
C&#xF3;mo se crea un gui&#xF3;n cl&#xE1;sico
Escribe tu propio episodio
Lo importante son los contactos
C&#xF3;mo acceder al sector
La vida despu&#xE9;s de la escuela de cine: advertencias y ejemplos de &#xE9;xito</subfield>
  </datafield>
  <datafield tag="519" ind1=" " ind2=" ">
    <subfield code="a">Plan Flexible /</subfield>
    <subfield code="b">Periodismo y Medios Digitales /</subfield>
    <subfield code="c">Producci&#xF3;n Televisiva (P16-1) /</subfield>
    <subfield code="d">(01 014390)</subfield>
  </datafield>
  <datafield tag="650" ind1="1" ind2="4">
    <subfield code="a">LIBRETOS PARA TELEVISI&#xD3;N</subfield>
    <subfield code="x">MANUALES</subfield>
  </datafield>
  <datafield tag="650" ind1="2" ind2="4">
    <subfield code="a">AUTOR&#xCD;A EN TELEVISI&#xD3;N</subfield>
  </datafield>
  <datafield tag="650" ind1="2" ind2="4">
    <subfield code="a">SERIES DE TELEVISI&#xD3;N</subfield>
  </datafield>
  <datafield tag="700" ind1=" " ind2="1">
    <subfield code="a">Attrache, Ismael</subfield>
    <subfield code="e">traductor</subfield>
  </datafield>
  <datafield tag="942" ind1=" " ind2=" ">
    <subfield code="c">LB</subfield>
  </datafield>
</record>
